Colombia : (Registro nro. 5080)

Detalles MARC
000 -LEADER
fixed length control field 01273nam a2200277Ia 4500
003 - CONTROL NUMBER IDENTIFIER
control field OSt
005 - DATE AND TIME OF LATEST TRANSACTION
control field 20200515144159.0
008 - FIXED-LENGTH DATA ELEMENTS--GENERAL INFORMATION
fixed length control field 191128s1990 ck ad gr 000 0dspa d
020 ## - INTERNATIONAL STANDARD BOOK NUMBER
International Standard Book Number 9223075602
040 ## - CATALOGING SOURCE
Original cataloging agency CO-JMCR
Transcribing agency CO-JMCR
041 0# - LANGUAGE CODE
Language code of text/sound track or separate title spa
082 04 - DEWEY DECIMAL CLASSIFICATION NUMBER
Classification number 309.1861048 /
Item number P964c
Edition number 23
110 1# - MAIN ENTRY--CORPORATE NAME
Corporate name or jurisdiction name as entry element Programa Regional de Empleo para América Latina y el Caribe
9 (RLIN) 4398
245 10 - TITLE STATEMENT
Title Colombia :
Remainder of title la deuda social en los 80 /
Statement of responsibility, etc. Programa Regional de Empleo para América Latina y el Caribe ; Oficina Internacional del Trabajo
250 ## - EDITION STATEMENT
Edition statement Primera edición
260 ## - PUBLICATION, DISTRIBUTION, ETC.
Place of publication, distribution, etc. Bogotá :
Name of publisher, distributor, etc. Organización internacional de trabajo,
Date of publication, distribution, etc. 1990
300 ## - PHYSICAL DESCRIPTION
Extent 235 páginas :
Other physical details tablas, gráficos ;
Dimensions 24 cm.
300 ## - PHYSICAL DESCRIPTION
Dimensions 24 cm
490 0# - SERIES STATEMENT
Series statement Informe de la misión prealc-Oit
504 ## - BIBLIOGRAPHY, ETC. NOTE
Bibliography, etc. note Incluye bibliografía.
505 ## - FORMATTED CONTENTS NOTE
Formatted contents note Colombia : la deuda social en los 80 -- La evolución macroeconómica 1980-88 -- Deuda social urbana : mercado de trabajo y pobreza -- La deuda social rural -- La política de salarios -- Impacto distributivo de la política fiscal y de gasto social
650 14 - SUBJECT ADDED ENTRY--TOPICAL TERM
Topical term or geographic name entry element Política de gastos públicos
Chronological subdivision 1980-1989
Geographic subdivision Colombia
9 (RLIN) 4399
650 24 - SUBJECT ADDED ENTRY--TOPICAL TERM
Topical term or geographic name entry element Política social
Chronological subdivision 1980-1989
Geographic subdivision Colombia
9 (RLIN) 4400
710 1# - ADDED ENTRY--CORPORATE NAME
Corporate name or jurisdiction name as entry element Oficina Internacional del Trabajo
9 (RLIN) 4401
942 ## - ADDED ENTRY ELEMENTS (KOHA)
Source of classification or shelving scheme Dewey Decimal Classification
Koha item type Books
Existencias
Withdrawn status Lost status Source of classification or shelving scheme Materials specified (bound volume or other part) Damaged status Not for loan Home library Current library Shelving location Date acquired Source of acquisition Cost, normal purchase price Total Checkouts Full call number Barcode Date last seen Copy number Price effective from Koha item type
    Dewey Decimal Classification Donación--15/04/2018--     Biblioteca Pública José María del Castillo y Rada Biblioteca Pública José María del Castillo y Rada General Stacks 11/28/2019 Donación 0.00   309.1861048 / P964c 430001265 05/16/2024 T.1 / Ej.1 11/28/2019 Books